| 000 | 00401nam a22001577a 4500 | ||
|---|---|---|---|
| 003 | OSt | ||
| 005 | 20211214151532.0 | ||
| 008 | 211214b |||||||| |||| 00| 0 eng d | ||
| 020 | _a978-92-5-106906-6 | ||
| 040 | _cHawassa University | ||
| 050 |
_a338.926/BIO _b1 |
||
| 082 |
_a338.926/BIO _b1 |
||
| 245 | _aBiotechnologies for Agricultural Development | ||
| 260 |
_bFAO _c2011 |
||
| 942 |
_2ddc _cBOOKS _n0 |
||
| 999 |
_c22543 _d22543 |
||